History Quiz

Random History or Popular Quiz

History by Meme Quiz Stats

 Plays Quiz Updated Oct 25, 2019

Score 0/18 Timer 06:00
51 Plays Today
% Correct
Henry VIII
90.3%
Sir Isaac Newton
89.6%
Julius Caesar
88.9%
Marie Curie
84.2%
Tutankhamun
83.6%
Franklin D. Roosevelt
82.2%
Marie Antoinette
78.1%
Archduke Franz Ferdinand of Austria
77.8%
Napoleon Bonaparte
76.2%
% Correct
Nero
73.5%
William I
70.6%
Hannibal
64.8%
Galileo Galilei
62.1%
Benedict Arnold
59.2%
Guy Fawkes
58.5%
Harry S. Truman
53.1%
Roald Amundsen
34.2%
Edward VIII
31.1%

You're not logged in!

Compare scores with friends on all Sporcle quizzes.
OR
Log In

Sporcle TV

Today on Sporcle TV


Watch our educational content, quiz creation guides, and fun videos on Sporcle TV.

Show Comments

Extras

Top Quizzes Today


Score Distribution

Your Account Isn't Verified!

In order to create a playlist on Sporcle, you need to verify the email address you used during registration. Go to your Sporcle Settings to finish the process.

Report this User

Report this user for behavior that violates our Community Guidelines.

Details: